| 000 | 00588cam a22002171 4500 | ||
|---|---|---|---|
| 001 | ne 63002024 | ||
| 003 | DLC | ||
| 005 | 20260227111750.0 | ||
| 008 | 890514s1961 xx 000 0 arar | ||
| 010 | _ane 63002024 | ||
| 035 | _a(OCoLC)23500993 | ||
| 040 |
_aDLC _cMiU _dDLC |
||
| 042 | _apremarc | ||
| 050 | 0 | 0 |
_aBP165 _b.S78 |
| 100 | 1 |
_aSulamī, ʻIzz al-Dīn ʻAbd al-ʻAzīz ibn ʻAbd al-Salām, _dapproximately 1182-1262. |
|
| 245 | 1 | 0 | _aBayna al-sharīʻah wa-al-ḥaqīqah. |
| 260 |
_a[n.p.] _c.1961 |
||
| 300 |
_a61 p. _c19 cm. |
||
| 500 | _aRomanized. | ||
| 650 | 0 | _aIslam. | |
| 999 |
_c46293 _d46293 |
||